| 000 | 00368pam a2200157a 44500 | ||
|---|---|---|---|
| 008 | 230515b1986 xxu||||| |||| 00| 0 eng d | ||
| 020 | _aNULL | ||
| 041 | _aENGLISH | ||
| 082 | _a621.395 /LEA/MAL | ||
| 100 | _aLEACH. /MALVINO. | ||
| 245 | _aDIGITAL PRINCIPAL AND APPLICATION | ||
| 250 | _aND | ||
| 260 |
_aNULL _bWHEEL _c1986 |
||
| 300 | _a540 PB | ||
| 650 | _aNULL | ||
| 999 |
_c623514 _d623514 |
||